Impacts of distributed generation (DG) on power distribution system / (Record no. 615572)

000 -LEADER
fixed length control field 00477nam a22001577a 4500
082 ## - DEWEY DECIMAL CLASSIFICATION NUMBER
Classification number 621.31
Author Mark AHM
100 ## - MAIN ENTRY--PERSONAL NAME
Personal name Ahmad, Muhammad Nouman (329258)
245 ## - TITLE STATEMENT
Title Impacts of distributed generation (DG) on power distribution system /
264 ## - PRODUCTION, PUBLICATION, DISTRIBUTION, MANUFACTURE, AND COPYRIGHT NOTICE
Place of production, publication, distribution, manufacture Islamabad :
Name of producer, publisher, distributor, manufacturer USPCAS-E, NUST
Date of production, publication, distribution, manufacture, or copyright notice February, 2025
300 ## - PHYSICAL DESCRIPTION
Extent xi, 45 p.
Accompanying material +CD
520 ## - SUMMARY, ETC.
Summary, etc. TH-628
650 ## - SUBJECT ADDED ENTRY--TOPICAL TERM
Topical term or geographic name entry element MS EEP Thesis
650 ## - SUBJECT ADDED ENTRY--TOPICAL TERM
Topical term or geographic name entry element MS Thesis
700 ## - ADDED ENTRY--PERSONAL NAME
Personal name Supervisor: Dr. Muhammad Yousif
942 ## - ADDED ENTRY ELEMENTS (KOHA)
Source of classification or shelving scheme
Koha item type Thesis
Holdings
Withdrawn status Permanent Location Current Location Date acquired Full call number Barcode Koha item type
  US-Pakistan Center for Advanced Studies in Energy (USPCAS-E) US-Pakistan Center for Advanced Studies in Energy (USPCAS-E) 12/17/2025 621.31 AHM CAS-ETH0000628 Thesis
© 2023 Central Library, National University of Sciences and Technology. All Rights Reserved.